| 000 | 00318nam a2200097Ia 4500 | ||
|---|---|---|---|
| 082 | _a635.1 BIRD | ||
| 245 | 0 | _aGrowing root vegetables : a directory of varieties and how to cultivate them successfully | |
| 100 |
_a BIRD, Richard London, 2003 _989354 |
||
| 942 | _cBK | ||
| 008 | 210817s9999 xx 000 0 und d | ||
| 999 |
_c389265 _d389264 |
||